[Event "1st FIDE OWCCCC Pools-East 2021"]
[Site "Online"]
[Date "2021.02.19"]
[Round "1.39"]
[White "Subramani, Ragavi"]
[Black "Saraogi, Mohitkumar"]
[Result "1-0"]
[WhiteElo "1527"]
[BlackElo "921"]
[Annotator "NA"]
[PlyCount "45"]
[EventDate "2021.02.19"]
[EventType "team-tourn"]
[EventCountry "NET"]
[SourceTitle "playchess.com"]
[Source "ChessBase"]
[SourceQuality "1"]

1. e4 e5 2. Nf3 Qf6 3. Nc3 Bc5 4. d3 h6 5. Be3 Bxe3 6. fxe3 d6 7. Be2 Nc6 8. Nd5 Qg6 9. O-O Rb8 10. Nh4 Qg5 11. Nf5 g6 12. Ng3 Nce7 13. Nxc7+ Kd7 14. Nb5 Qxe3+ 15. Kh1 a6 16. Bg4+ Kd8 17. Nxd6 Kc7 18. Nxf7 Rh7 19. c4 Qd4 20. Bxc8 Kxc8 21. Qa4 Qxd3 22. Rad1 Qe3 23. Qd7# 1-0

[Event "1st FIDE OWCCCC Pools-East 2021"]
[Site "Online"]
[Date "2021.02.19"]
[Round "1.39"]
[White "Mokashi, Pradyumna"]
[Black "Arzamastsev, Artur"]
[Result "0-1"]
[WhiteElo "1341"]
[BlackElo "2128"]
[Annotator "TA"]
[PlyCount "104"]
[EventDate "2021.02.19"]
[EventType "team-tourn"]
[EventCountry "NET"]
[SourceTitle "playchess.com"]
[Source "ChessBase"]
[SourceQuality "1"]

1. d4 Nf6 2. c4 c5 3. g3 g6 4. Bg2 cxd4 5. Qxd4 Nc6 6. Qd1 Bg7 7. Nf3 O-O 8. Nc3 d6 9. h3 Be6 10. b3 Ne4 11. Nxe4 Bxa1 12. Bh6 Bg7 13. Qd2 Qa5 14. Qxa5 Nxa5 15. Bc1 Bf5 16. Ned2 Nc6 17. g4 Bd7 18. O-O a6 19. Ne4 b5 20. Bg5 bxc4 21. Bxe7 Nxe7 22. bxc4 d5 23. cxd5 Nxd5 24. Nfd2 Be6 25. Nb3 Nf4 26. Nec5 Nxg2 27. Nxe6 fxe6 28. Kxg2 Rfc8 29. Rd1 Rc2 30. Kf3 Rxa2 31. Nc5 Rf8+ 32. Ke4 Rxe2+ 33. Kd3 Rexf2 34. Rb1 Rd8+ 35. Ke4 Re2+ 36. Kf3 Rb2 37. Re1 Rb6 38. Rxe6 Rxe6 39. Nxe6 Rd3+ 40. Ke4 Rxh3 41. Nc7 a5 42. Nb5 a4 43. Kf4 a3 44. Nd4 Bxd4 45. Ke4 a2 46. Kxd4 a1=Q+ 47. Ke4 Qa4+ 48. Kd5 Rb3 49. g5 Rb5+ 50. Kc6 Qa6+ 51. Kc7 Rb7+ 52. Kc8 Qa8# 0-1

[Event "1st FIDE OWCCCC Pools-East 2021"]
[Site "Online"]
[Date "2021.02.19"]
[Round "1.39"]
[White "Devaki Nandana"]
[Black "Atserias Batalla, Jordi"]
[Result "1-0"]
[WhiteElo "1159"]
[BlackElo "1801"]
[Annotator "NA"]
[PlyCount "69"]
[EventDate "2021.02.19"]
[EventType "team-tourn"]
[EventCountry "NET"]
[SourceTitle "playchess.com"]
[Source "ChessBase"]
[SourceQuality "1"]

1. e4 e6 2. d4 d5 3. Nc3 dxe4 4. Nxe4 Nd7 5. Nf3 Ngf6 6. Nxf6+ Nxf6 7. Bd3 Bd6 8. O-O O-O 9. Bg5 b6 10. c3 Bb7 11. Bc2 Be7 12. Re1 Re8 13. Qd3 g6 14. Qe2 Nd5 15. Bxe7 Nxe7 16. Be4 Bxe4 17. Qxe4 Nf5 18. h3 Qf6 19. Qe5 Kg7 20. Qxc7 Rec8 21. Qe5 Qxe5 22. Nxe5 b5 23. Rad1 Ne7 24. a3 a5 25. Rc1 Nd5 26. Kf1 Kf6 27. Nd3 Ke7 28. Nc5 Kd6 29. b3 b4 30. c4 Nc3 31. a4 h6 32. Ne4+ Ke7 33. Nxc3 bxc3 34. Rxc3 Rd8 35. Rd3 1-0

[Event "1st FIDE OWCCCC Pools-East 2021"]
[Site "Online"]
[Date "2021.02.19"]
[Round "1.40"]
[White "Bannikova, Anastasiya"]
[Black "Juikar, Bhakti"]
[Result "1-0"]
[WhiteElo "2252"]
[BlackElo "1798"]
[Annotator "TA"]
[PlyCount "71"]
[EventDate "2021.02.19"]
[EventType "team-tourn"]
[EventCountry "NET"]
[SourceTitle "playchess.com"]
[Source "ChessBase"]
[SourceQuality "1"]

1. c4 e5 2. Nc3 Nf6 3. g3 Nc6 4. Bg2 Ne7 5. Nf3 Ng6 6. d4 exd4 7. Nxd4 Bb4 8. O-O Bxc3 9. bxc3 O-O 10. Rb1 c6 11. Ba3 Re8 12. Bd6 Ne4 13. Bxe4 Rxe4 14. Qc2 Re6 15. Nxe6 dxe6 16. Rfd1 Qf6 17. Bc7 h6 18. h4 h5 19. Rd8+ Kh7 20. Rbd1 b6 21. Bf4 Bb7 22. R8d7 Ba6 23. Bg5 Qe5 24. Rxf7 Bxc4 25. Bf6 Qf5 26. Rxg7+ Kh8 27. Rxg6+ Kh7 28. Rg7+ Kh8 29. Qxf5 exf5 30. Rxa7+ Kg8 31. Rxa8+ Kf7 32. Bg5 Bd5 33. c4 Bxc4 34. Rd6 Bd5 35. Ra7+ Ke8 36. Rd8# 1-0

[Event "1st FIDE OWCCCC Pools-East 2021"]
[Site "Online"]
[Date "2021.02.19"]
[Round "1.41"]
[White "Vaisser, Anatoly"]
[Black "Girya, Olga"]
[Result "1-0"]
[WhiteElo "2501"]
[BlackElo "2432"]
[Annotator "TA"]
[PlyCount "83"]
[EventDate "2021.02.19"]
[EventType "team-tourn"]
[EventCountry "NET"]
[SourceTitle "playchess.com"]
[Source "ChessBase"]
[SourceQuality "1"]

1. d4 Nf6 2. c4 e6 3. Nc3 d5 4. cxd5 exd5 5. Bg5 Bb4 6. e3 h6 7. Bxf6 Qxf6 8. Qa4+ Nc6 9. Nf3 O-O 10. Rc1 Qg6 11. Qb3 Be6 12. a3 Bxc3+ 13. Qxc3 Rac8 14. g3 Qh5 15. Bg2 Bh3 16. O-O Bxg2 17. Kxg2 Rfd8 18. b4 a6 19. a4 Rd6 20. b5 axb5 21. axb5 Ne7 22. Qa5 b6 23. Qa7 Qf5 24. Rxc7 Rxc7 25. Qxc7 Rd7 26. Qxb6 Qe4 27. Qb8+ Kh7 28. Qf4 Qe6 29. Ne5 Ng6 30. Nxg6 fxg6 31. Rb1 Rf7 32. Qe5 Qd7 33. b6 Qc6 34. Rb2 Qc1 35. Qxd5 Qxb2 36. Qxf7 Qxb6 37. d5 Qb3 38. e4 Qd3 39. Qf3 Qd4 40. Qe3 Qe5 41. Qd3 g5 42. d6 1-0

[Event "1st FIDE OWCCCC Pools-East 2021"]
[Site "Online"]
[Date "2021.02.19"]
[Round "1.41"]
[White "Bernasek, Jan"]
[Black "Chan, Yi Meng Ryan"]
[Result "1-0"]
[WhiteElo "2498"]
[BlackElo "2110"]
[Annotator "TA"]
[PlyCount "53"]
[EventDate "2021.02.19"]
[EventType "team-tourn"]
[EventCountry "NET"]
[SourceTitle "playchess.com"]
[Source "ChessBase"]
[SourceQuality "1"]

1. d4 d5 2. c4 Nf6 3. cxd5 Nxd5 4. e4 Nb6 5. Nc3 e6 6. Nf3 h6 7. Be3 Be7 8. h4 Bd7 9. Be2 Na6 10. Ne5 Bxh4 11. Bxa6 Bxf2+ 12. Bxf2 O-O 13. Bd3 f6 14. Ng6 Rf7 15. Qd2 e5 16. dxe5 fxe5 17. Bxb6 axb6 18. Bc4 Qf6 19. Rf1 Qxf1+ 20. Bxf1 Rf6 21. Ne7+ Kh8 22. Qxd7 Raf8 23. O-O-O c5 24. Bc4 Kh7 25. Nf5 Kg6 26. Qxg7+ Kh5 27. g4# 1-0

[Event "1st FIDE OWCCCC Pools-East 2021"]
[Site "Online"]
[Date "2021.02.19"]
[Round "1.41"]
[White "Dominguez Alcon, Victor"]
[Black "Yadav, Brajesh"]
[Result "1-0"]
[WhiteElo "2158"]
[BlackElo "1211"]
[Annotator "NA"]
[PlyCount "69"]
[EventDate "2021.02.19"]
[EventType "team-tourn"]
[EventCountry "NET"]
[SourceTitle "playchess.com"]
[Source "ChessBase"]
[SourceQuality "1"]

1. d4 d5 2. c4 e6 3. Nc3 Nf6 4. Bg5 Be7 5. e3 O-O 6. Nf3 Re8 7. Rc1 Nbd7 8. Bd3 Nf8 9. O-O Ng6 10. a3 c5 11. cxd5 Nxd5 12. Bxe7 Ngxe7 13. Nxd5 Nxd5 14. Rxc5 b6 15. Rc1 Bb7 16. Ne5 Qe7 17. Qa4 Nc7 18. Qd7 Rac8 19. Qxe7 Rxe7 20. Nc6 Bxc6 21. Rxc6 g6 22. Rfc1 Kg7 23. Ba6 Nxa6 24. Rxc8 h5 25. b4 Rb7 26. b5 Nb8 27. R1c7 Rxc7 28. Rxc7 a5 29. Rb7 Kf6 30. Rxb8 e5 31. Rxb6+ Kf5 32. dxe5 Kxe5 33. Rc6 f5 34. b6 Ke4 35. b7 1-0

[Event "1st FIDE OWCCCC Pools-East 2021"]
[Site "Online"]
[Date "2021.02.19"]
[Round "1.41"]
[White "De Oliveira, Bernardo Lino"]
[Black "Markin, Dmytro"]
[Result "*"]
[WhiteElo "2100"]
[BlackElo "1200"]
[Annotator "ChessBase"]
[PlyCount "27"]
[EventDate "2021.02.19"]
[EventType "team-tourn"]
[EventCountry "NET"]
[SourceTitle "playchess.com"]
[Source "ChessBase"]
[SourceQuality "1"]

1. e4 e6 2. d4 d5 3. Nc3 Bb4 4. e5 c5 5. a3 Bxc3+ 6. bxc3 Qc7 7. Nf3 b6 8. Be2 Ba6 9. O-O Ne7 10. Bxa6 Nxa6 11. Qe2 Nb8 12. Be3 Nf5 13. Qb5+ Nd7 14. Rab1 *

[Event "1st FIDE OWCCCC Pools-East 2021"]
[Site "Online"]
[Date "2021.02.19"]
[Round "1.41"]
[White "Bashkirov, Igor"]
[Black "Khrapko, Marharyta"]
[Result "0-1"]
[WhiteElo "1483"]
[BlackElo "2049"]
[Annotator "NA"]
[PlyCount "100"]
[EventDate "2021.02.19"]
[EventType "team-tourn"]
[EventCountry "NET"]
[SourceTitle "playchess.com"]
[Source "ChessBase"]
[SourceQuality "1"]

1. e4 c5 2. Nf3 Nc6 3. Bb5 d6 4. d4 cxd4 5. Nxd4 Bd7 6. O-O Nf6 7. Re1 Nxd4 8. Bxd7+ Qxd7 9. Qxd4 e5 10. Qd1 Be7 11. Nc3 O-O 12. a4 Rac8 13. Nd5 Nxd5 14. Qxd5 Rxc2 15. b4 Rfc8 16. Be3 a6 17. h3 Qc6 18. Qxc6 R2xc6 19. b5 Rc4 20. f3 g6 21. Rec1 Kf8 22. b6 Ke8 23. a5 Kd7 24. Rxc4 Rxc4 25. Rd1 f5 26. exf5 gxf5 27. g3 Kc6 28. Rc1 Rxc1+ 29. Bxc1 d5 30. Kf2 Bb4 31. f4 e4 32. g4 fxg4 33. hxg4 Bxa5 34. Be3 Bc3 35. f5 Kd6 36. g5 Be5 37. Ke2 a5 38. Kd2 d4 39. Bg1 Bf4+ 40. Kc2 d3+ 41. Kd1 Bxg5 42. Bd4 e3 43. f6 e2+ 44. Ke1 Bh4+ 45. Kd2 e1=Q+ 46. Kxd3 Bxf6 47. Bxf6 Qf1+ 48. Kc3 Qxf6+ 49. Kc4 Qe5 50. Kb3 Qd4 0-1

[Event "1st FIDE OWCCCC Pools-East 2021"]
[Site "Online"]
[Date "2021.02.19"]
[Round "1.42"]
[White "Bohnhoff, Peter"]
[Black "Kucherov, Pavel"]
[Result "1-0"]
[WhiteElo "2078"]
[BlackElo "1707"]
[Annotator "NA"]
[PlyCount "37"]
[EventDate "2021.02.19"]
[EventType "team-tourn"]
[EventCountry "NET"]
[SourceTitle "playchess.com"]
[Source "ChessBase"]
[SourceQuality "1"]

1. Nf3 d5 2. e3 c5 3. d4 c4 4. b3 b5 5. a4 Bd7 6. axb5 cxb3 7. c4 a6 8. Qxb3 dxc4 9. Bxc4 e6 10. Nc3 Nf6 11. bxa6 Nc6 12. Bb5 Bb4 13. O-O Bxc3 14. Qxc3 Nd5 15. Qc5 Ncb4 16. Ne5 Bxb5 17. Qxb5+ Kf8 18. Ba3 Rb8 19. Nd7+ 1-0

[Event "1st FIDE OWCCCC Pools-East 2021"]
[Site "Online"]
[Date "2021.02.19"]
[Round "1.42"]
[White "Firsov, Stepan"]
[Black "Zengaffinen-Morris, Thomas"]
[Result "1-0"]
[WhiteElo "1842"]
[BlackElo "939"]
[Annotator "NA"]
[PlyCount "65"]
[EventDate "2021.02.19"]
[EventType "team-tourn"]
[EventCountry "NET"]
[SourceTitle "playchess.com"]
[Source "ChessBase"]
[SourceQuality "1"]

1. e4 e5 2. Nf3 Nc6 3. Bc4 h6 4. d4 d6 5. dxe5 Be6 6. Bxe6 fxe6 7. exd6 cxd6 8. O-O Nf6 9. Re1 Be7 10. Be3 O-O 11. Nc3 a6 12. h3 d5 13. exd5 exd5 14. Qd2 Qd7 15. Rad1 Rad8 16. a3 b6 17. Qd3 b5 18. Qg6 Kh8 19. Bb6 Qd6 20. Bxd8 Rxd8 21. Nh4 d4 22. Nf5 Bf8 23. Nxd6 Bxd6 24. Ne4 Ne5 25. Qf5 Rf8 26. Nxd6 Kg8 27. Rxe5 Rf7 28. Nxf7 Kxf7 29. Rxd4 g6 30. Rd7+ Kg8 31. Re8+ Nxe8 32. Qf7+ Kh8 33. Qxe8# 1-0

[Event "1st FIDE OWCCCC Pools-East 2021"]
[Site "Online"]
[Date "2021.02.19"]
[Round "1.43"]
[White "Droin, Franck"]
[Black "Kuzmin, Mark"]
[Result "1-0"]
[WhiteElo "1908"]
[BlackElo "704"]
[Annotator "TA"]
[PlyCount "51"]
[EventDate "2021.02.19"]
[EventType "team-tourn"]
[EventCountry "NET"]
[SourceTitle "playchess.com"]
[Source "ChessBase"]
[SourceQuality "1"]

1. d4 d5 2. Nf3 Nc6 3. c3 Nf6 4. Bf4 a6 5. e3 Nh5 6. Bg5 h6 7. Bh4 g5 8. Bg3 Nxg3 9. hxg3 Bg4 10. Bd3 e5 11. dxe5 Nxe5 12. Bc2 Qd7 13. Qd4 f6 14. Nxe5 fxe5 15. Qxe5+ Qe6 16. Qxh8 O-O-O 17. Qd4 c5 18. Qd3 d4 19. e4 dxc3 20. Qxc3 c4 21. Nd2 b5 22. a3 Bc5 23. f3 Qf7 24. O-O-O Be6 25. Rxh6 g4 26. f4 1-0

[Event "1st FIDE OWCCCC Pools-East 2021"]
[Site "Online"]
[Date "2021.02.19"]
[Round "1.43"]
[White "Fernandez Camacho, Pedro Jose"]
[Black "Gomes De Moura, Pedro Vinicius"]
[Result "1-0"]
[WhiteElo "1813"]
[BlackElo "2018"]
[Annotator "NA"]
[PlyCount "43"]
[EventDate "2021.02.19"]
[EventType "team-tourn"]
[EventCountry "NET"]
[SourceTitle "playchess.com"]
[Source "ChessBase"]
[SourceQuality "1"]

1. c4 e5 2. Nc3 Nf6 3. Nf3 Nc6 4. g3 d5 5. cxd5 Nxd5 6. d3 Bb4 7. Bd2 O-O 8. Bg2 Nxc3 9. bxc3 Bc5 10. Qb3 Bb6 11. O-O a6 12. Rab1 Be6 13. c4 Rb8 14. Qa3 Qd6 15. Qxd6 cxd6 16. Rxb6 Rfd8 17. Rfb1 d5 18. Ng5 Bd7 19. Bxd5 Kf8 20. Nxf7 Ne7 21. Nxd8 Rxd8 22. Bxb7 1-0

[Event "1st FIDE OWCCCC Pools-East 2021"]
[Site "Online"]
[Date "2021.02.19"]
[Round "1.43"]
[White "Stohanzl, Nikola"]
[Black "Thakar, Mitulkumar"]
[Result "1-0"]
[WhiteElo "1763"]
[BlackElo "1360"]
[Annotator "NA"]
[PlyCount "39"]
[EventDate "2021.02.19"]
[EventType "team-tourn"]
[EventCountry "NET"]
[SourceTitle "playchess.com"]
[Source "ChessBase"]
[SourceQuality "1"]

1. f4 e6 2. Nf3 Nf6 3. e3 Be7 4. b3 O-O 5. Bb2 Nc6 6. Bd3 d5 7. O-O a6 8. Qe1 Nb4 9. Nc3 c5 10. Rc1 d4 11. Ne2 dxe3 12. dxe3 Nxa2 13. Rd1 Qb6 14. Qh4 Nb4 15. Bxf6 Nxd3 16. Bxe7 Nb2 17. Bxf8 Nxd1 18. Rxd1 Kxf8 19. Rd8+ Qxd8 20. Qxd8# 1-0

[Event "1st FIDE OWCCCC Pools-East 2021"]
[Site "Online"]
[Date "2021.02.19"]
[Round "1.43"]
[White "Meyer, Fredrik"]
[Black "Kiriakhno, Sergii"]
[Result "0-1"]
[WhiteElo "1217"]
[BlackElo "1381"]
[Annotator "NA"]
[PlyCount "66"]
[EventDate "2021.02.19"]
[EventType "team-tourn"]
[EventCountry "NET"]
[SourceTitle "playchess.com"]
[Source "ChessBase"]
[SourceQuality "1"]

1. d4 Nf6 2. Bf4 e6 3. e3 b6 4. Nf3 Bb7 5. Bd3 d6 6. Nbd2 Be7 7. O-O c5 8. c3 Nh5 9. Bb5+ Nd7 10. Re1 Nxf4 11. exf4 g6 12. Qc2 O-O 13. h3 Kg7 14. g4 a6 15. Bd3 cxd4 16. Nxd4 Nc5 17. Be4 Nxe4 18. Nxe4 e5 19. Ng3 exd4 20. cxd4 Re8 21. Re3 Qd7 22. Rae1 Bf8 23. Qc3 Bd5 24. f5 Rxe3 25. Rxe3 Re8 26. Rxe8 Qxe8 27. h4 Be7 28. h5 Bh4 29. h6+ Kg8 30. fxg6 hxg6 31. Nf1 Qe4 32. Qc8+ Kh7 33. Ng3 Qg2# 0-1

[Event "1st FIDE OWCCCC Pools-East 2021"]
[Site "Online"]
[Date "2021.02.19"]
[Round "1.43"]
[White "Zhuravlev, Ilya"]
[Black "Heer, Stephan"]
[Result "0-1"]
[WhiteElo "1142"]
[BlackElo "2063"]
[Annotator "NA"]
[PlyCount "66"]
[EventDate "2021.02.19"]
[EventType "team-tourn"]
[EventCountry "NET"]
[SourceTitle "playchess.com"]
[Source "ChessBase"]
[SourceQuality "1"]

1. e4 g6 2. Nf3 d6 3. d4 Bg7 4. Bc4 e6 5. O-O a6 6. Nc3 b5 7. Bd3 Bb7 8. Bg5 Ne7 9. Re1 h6 10. Bh4 O-O 11. Bg3 Nd7 12. Qd2 Rc8 13. b4 Nb6 14. a3 c5 15. Bh4 cxd4 16. Nxd4 Bxd4 17. Rab1 Bxc3 18. Qxh6 Bg7 19. Qg5 Rc7 20. Re3 Nc6 21. c3 Qxg5 22. Bxg5 Bxc3 23. Rc1 Bg7 24. Rg3 Rfc8 25. h4 Ne5 26. Rxc7 Rxc7 27. Be2 Bxe4 28. h5 Nd5 29. f4 Nd7 30. hxg6 Bxg6 31. Kh2 Rc3 32. Be7 Rxg3 33. Kxg3 Nxe7 0-1

[Event "1st FIDE OWCCCC Pools-East 2021"]
[Site "Online"]
[Date "2021.02.19"]
[Round "1.44"]
[White "Noah, A .H. Al-Ali"]
[Black "Ferrara, Valeria"]
[Result "1/2-1/2"]
[WhiteElo "2247"]
[BlackElo "1382"]
[Annotator "NA"]
[PlyCount "78"]
[EventDate "2021.02.19"]
[EventType "team-tourn"]
[EventCountry "NET"]
[SourceTitle "playchess.com"]
[Source "ChessBase"]
[SourceQuality "1"]

1. e4 e5 2. Nf3 Nc6 3. Bd3 Nf6 4. Nc3 Be7 5. O-O O-O 6. b3 d6 7. Ba3 Bg4 8. h3 Bh5 9. g4 Bg6 10. Nd5 Nxd5 11. exd5 Bxd3 12. cxd3 Nb8 13. Qe1 Nd7 14. d4 f6 15. Rc1 Nb6 16. Qe4 Qd7 17. dxe5 fxe5 18. d4 Rf4 19. Qe3 Nxd5 20. Qd3 Qe6 21. dxe5 Raf8 22. Nd4 Qxe5 23. Rce1 Qf6 24. f3 Nb6 25. Bb2 Qf7 26. Re4 Bh4 27. Rxf4 Qxf4 28. Ne6 Qg3+ 29. Kh1 Qxh3+ 30. Kg1 Qg3+ 31. Kh1 Re8 32. Nxg7 Rd8 33. Nf5 Qh3+ 34. Kg1 Bg3 35. Nxg3 Qxg3+ 36. Kh1 Qh3+ 37. Kg1 Qg3+ 38. Kh1 Qh3+ 39. Kg1 Qg3+ 1/2-1/2

[Event "1st FIDE OWCCCC Pools-East 2021"]
[Site "Online"]
[Date "2021.02.19"]
[Round "1.44"]
[White "Zimina, Angelina"]
[Black "Debos, Dorothee"]
[Result "1/2-1/2"]
[WhiteElo "193"]
[BlackElo "438"]
[Annotator "NA"]
[PlyCount "142"]
[EventDate "2021.02.19"]
[EventType "team-tourn"]
[EventCountry "NET"]
[SourceTitle "playchess.com"]
[Source "ChessBase"]
[SourceQuality "1"]

1. e4 Nf6 2. d3 e5 3. Nf3 d6 4. h4 c5 5. a4 Be7 6. c4 O-O 7. Nc3 b6 8. a5 bxa5 9. Ng5 Nc6 10. g4 Nd4 11. Be3 Rb8 12. Rb1 Ba6 13. Nd5 Nxd5 14. exd5 f6 15. Bh3 a4 16. Ne6 Qb6 17. Ra1 Qxb2 18. Rc1 Rf7 19. g5 fxg5 20. hxg5 Nf3+ 21. Kf1 h6 22. Qxa4 Bb7 23. Qd1 hxg5 24. Nxg5 Rf6 25. Nxf3 Rxf3 26. Qxf3 Bh4 27. Qd1 Rf8 28. Rg1 a5 29. f4 exf4 30. Bd2 a4 31. Ba5 a3 32. Bc7 Re8 33. Bxd6 a2 34. Bxc5 a1=Q 35. Rxa1 f3 36. Qe1 Rxe1+ 37. Rxe1 f2 38. Bxf2 Bxf2 39. Kg2 Bxe1+ 40. Kf3 g5 41. Rxe1 Qf6+ 42. Kg3 Ba6 43. Kg4 Bb7 44. Kg3 Kg7 45. Kg2 Qh6 46. Rh1 Qf6 47. Rf1 Qb2+ 48. Rf2 Qc3 49. Rf3 Qxc4 50. dxc4 Kg6 51. Be6 Kh5 52. d6 g4 53. Kf1 gxf3 54. d7 Be4 55. Ke1 Bd3 56. Bf7+ Kh6 57. d8=Q Bxc4 58. Qh8+ Kg5 59. Qg8+ Kf6 60. Bh5 Ke5 61. Qe8+ Kf5 62. Qf8+ Kg5 63. Be8 Kg4 64. Qg8+ Kf4 65. Qf8+ Kg3 66. Qg8+ Kf4 67. Qxc4+ Ke3 68. Qc3+ Ke4 69. Qc4+ Ke3 70. Qc3+ Kf4 71. Qc4+ Ke3 1/2-1/2

[Event "1st FIDE OWCCCC Pools-East 2021"]
[Site "Online"]
[Date "2021.02.19"]
[Round "1.45"]
[White "Carlsen, Magnus"]
[Black "Hassan Sampath, Santosh"]
[Result "1-0"]
[WhiteElo "2862"]
[BlackElo "1411"]
[Annotator "TA"]
[PlyCount "49"]
[EventDate "2021.02.19"]
[EventType "team-tourn"]
[EventCountry "NET"]

1. e4 e5 2. f4 Nc6 3. Nf3 Bc5 4. fxe5 d6 5. d4 Bb6 6. exd6 Qxd6 7. c3 Bg4 8. Nbd2 Nge7 9. Nc4 Qd7 10. a4 a6 11. Nxb6 cxb6 12. Bd3 O-O 13. O-O Rae8 14. h3 Bh5 15. Bf4 Ng6 16. Bg3 Rd8 17. Qb3 Nce7 18. Qxb6 Nc8 19. Qc5 Nge7 20. Qxh5 Ng6 21. e5 Rde8 22. Ng5 h6 23. Nxf7 Rxf7 24. Qxg6 Rff8 25. Qh7# 1-0

[Event "1st FIDE OWCCCC Pools-East 2021"]
[Site "Online"]
[Date "2021.02.19"]
[Round "1.45"]
[White "Cs, Rajesh"]
[Black "Kancharla, Kalyan K"]
[Result "1-0"]
[WhiteElo "2455"]
[BlackElo "1063"]
[Annotator "TA"]
[PlyCount "59"]
[EventDate "2021.02.19"]
[EventType "team-tourn"]
[EventCountry "NET"]
[SourceTitle "playchess.com"]
[Source "ChessBase"]
[SourceQuality "1"]

1. c4 Nf6 2. Nc3 e6 3. g3 d5 4. Bg2 Be7 5. d4 O-O 6. Nf3 b6 7. cxd5 exd5 8. O-O Bb7 9. a3 c5 10. Ne5 h6 11. h3 cxd4 12. Qxd4 Nc6 13. Nxc6 Bxc6 14. Rd1 Qd7 15. b4 Rad8 16. Bb2 Qf5 17. Rac1 Ba8 18. e3 Qg6 19. Nb5 Ne4 20. Qd3 a5 21. bxa5 bxa5 22. Nc7 Rb8 23. Rc2 Rfd8 24. Nxa8 Rxa8 25. a4 Qf5 26. g4 Qe6 27. Ba3 Bb4 28. Bb2 Be7 29. Bd4 Rdc8 30. Rdc1 1-0

[Event "1st FIDE OWCCCC Pools-East 2021"]
[Site "Online"]
[Date "2021.02.19"]
[Round "1.45"]
[White "Nemec, Petr"]
[Black "Mayank Singhania"]
[Result "0-1"]
[WhiteElo "2101"]
[BlackElo "1039"]
[Annotator "NA"]
[PlyCount "74"]
[EventDate "2021.02.19"]
[EventType "team-tourn"]
[EventCountry "NET"]
[SourceTitle "playchess.com"]
[Source "ChessBase"]
[SourceQuality "1"]

1. e4 d5 2. exd5 Nf6 3. d4 Nxd5 4. Nf3 Nc6 5. Be2 Bf5 6. c3 e6 7. O-O Bd6 8. Be3 O-O 9. Nbd2 Re8 10. Nc4 Be7 11. Qd2 a6 12. Bf4 b5 13. Nce5 Nxe5 14. Nxe5 Bd6 15. Bg3 f6 16. Nd3 Bxg3 17. fxg3 Qd6 18. Rae1 Nb6 19. b3 Rad8 20. g4 Bg6 21. Nf4 e5 22. Nxg6 hxg6 23. Qc2 exd4 24. cxd4 Qxd4+ 25. Kh1 Qd2 26. Qxc7 Nd5 27. Bc4 bxc4 28. Rxe8+ Rxe8 29. Qxc4 Re1 30. h3 Rxf1+ 31. Qxf1 Ne3 32. Qg1 Nd5 33. Qc5 Qe1+ 34. Kh2 Qe5+ 35. Kh1 Ne3 36. Qc8+ Kh7 37. g5 Qg3 0-1

[Event "1st FIDE OWCCCC Pools-East 2021"]
[Site "Online"]
[Date "2021.02.19"]
[Round "1.46"]
[White "Furtak, Joanna"]
[Black "Patil, Amit"]
[Result "0-1"]
[WhiteElo "1868"]
[BlackElo "1895"]
[Annotator "NA"]
[PlyCount "56"]
[EventDate "2021.02.19"]
[EventType "team-tourn"]
[EventCountry "NET"]
[SourceTitle "playchess.com"]
[Source "ChessBase"]
[SourceQuality "1"]

1. e4 c5 2. Nf3 e6 3. d4 cxd4 4. Nxd4 Bc5 5. Nb3 Be7 6. Nc3 a6 7. g3 Nc6 8. Bg2 Nf6 9. O-O O-O 10. Re1 Qc7 11. h3 b5 12. Nd5 exd5 13. exd5 Bd6 14. dxc6 dxc6 15. Bg5 Nd5 16. c3 Bb7 17. Nd4 Qb6 18. Qg4 Bc8 19. Qe2 Bd7 20. Kh2 Rae8 21. Qd2 Be7 22. Bxd5 Bxg5 23. Qxg5 cxd5 24. Qxd5 Rxe1 25. Rxe1 Qd8 26. Nf5 Bxf5 27. Qxf5 Qd2 28. a4 Qxe1 0-1

[Event "1st FIDE OWCCCC Pools-East 2021"]
[Site "Online"]
[Date "2021.02.19"]
[Round "1.46"]
[White "Vikram K"]
[Black "Pugazhendhi, Praveenkumar"]
[Result "1-0"]
[WhiteElo "1383"]
[BlackElo "1812"]
[Annotator "NA"]
[PlyCount "57"]
[EventDate "2021.02.19"]
[EventType "team-tourn"]
[EventCountry "NET"]
[SourceTitle "playchess.com"]
[Source "ChessBase"]
[SourceQuality "1"]

1. d4 d5 2. Bf4 e6 3. e3 Nf6 4. c3 Nbd7 5. Nd2 Be7 6. Ngf3 O-O 7. Bd3 Re8 8. O-O h6 9. Ne5 Nxe5 10. dxe5 Nd7 11. Qh5 Nf8 12. Bxh6 gxh6 13. f4 f5 14. Rf3 Nh7 15. Qxh6 Bh4 16. Rh3 Re7 17. Qxh4 Bd7 18. Rf1 Rg7 19. Qh6 Qe7 20. Rff3 Rf8 21. Rfg3 Rxg3 22. Rxg3+ Kh8 23. Nf3 Rg8 24. Ng5 Rg7 25. Be2 Kg8 26. Nxh7 Rxg3 27. Nf6+ Kf7 28. Bh5+ Rg6 29. Bxg6# 1-0

[Event "1st FIDE OWCCCC Pools-East 2021"]
[Site "Online"]
[Date "2021.02.19"]
[Round "1.46"]
[White "Vinay S"]
[Black "Tambini, Jasper"]
[Result "0-1"]
[WhiteElo "1057"]
[BlackElo "2040"]
[Annotator "NA"]
[PlyCount "60"]
[EventDate "2021.02.19"]
[EventType "team-tourn"]
[EventCountry "NET"]
[SourceTitle "playchess.com"]
[Source "ChessBase"]
[SourceQuality "1"]

1. d4 d5 2. c4 e6 3. cxd5 exd5 4. Nf3 Nf6 5. Bg5 Be7 6. e3 h6 7. Bxf6 Bxf6 8. Bd3 O-O 9. Nbd2 Re8 10. O-O c6 11. Rc1 a5 12. a3 Be6 13. Nb3 b6 14. Re1 Qd7 15. Qc2 Rc8 16. Qd1 Na6 17. Qe2 Nc7 18. Qc2 Ne8 19. Qb1 Nd6 20. Nfd2 a4 21. Na1 c5 22. dxc5 bxc5 23. Nc2 Rab8 24. b4 axb3 25. Nxb3 c4 26. Nca1 cxb3 27. Rxc8+ Qxc8 28. Rc1 Qxc1+ 29. Qxc1 b2 30. Qb1 bxa1=Q 0-1

[Event "1st FIDE OWCCCC Pools-East 2021"]
[Site "Online"]
[Date "2021.02.19"]
[Round "1.47"]
[White "Ramesh, Shanmugasundaram"]
[Black "Gurajapu, Kanchana M"]
[Result "1-0"]
[WhiteElo "1970"]
[BlackElo "952"]
[Annotator "NA"]
[PlyCount "51"]
[EventDate "2021.02.19"]
[EventType "team-tourn"]
[EventCountry "NET"]
[SourceTitle "playchess.com"]
[Source "ChessBase"]
[SourceQuality "1"]

1. e4 e5 2. Nf3 Nc6 3. d4 exd4 4. Nxd4 Nxd4 5. Qxd4 Nf6 6. Nc3 a6 7. Be3 Bd6 8. e5 Bxe5 9. Qxe5+ Qe7 10. Qxe7+ Kxe7 11. Be2 d6 12. O-O-O Bf5 13. Bf3 Rab8 14. Rhe1 Kd7 15. Bg5 Ne8 16. Re7+ Kd8 17. Rxf7+ Kc8 18. Rxf5 h6 19. Bh4 b5 20. Nd5 Rg8 21. Re1 g6 22. Ne7+ Kd8 23. Nxg8+ Kd7 24. Re7+ Kd8 25. Rf8 Kc8 26. Rfxe8# 1-0